000 01914nam0a2200397 4500
001 RU\NLR\bibl\1424214
005 20260405190819.0
010 _a978-5-7823-0444-7
_9700
021 _aRU
_b2009-64473
_93975
035 _a(nilc)RSL-KNO-004370631
035 _a(NLR Aleph) 001416144
090 _a1313275
_c1313275
100 _a20090731d2009 |||y0rusy50 ca
101 0 _arus
102 _aRU
105 _aa |||||||||
200 1 _aОценка инвестиционных проектов
_dInvestment projects' evaluation
_eучебное пособие
_fМ. В. Ковалева, Паоло Парини
_gTempus
_zeng
210 _aХабаровск
_cХабаровская государственная академия экономики и права
_d2009
215 _a151 с.
_cил., табл.
_d20
300 _aАвт. также на англ. яз.: M.V. Kovaleva, Paolo Parini
320 _aБиблиогр.: с. 146-149
510 0 _6z73790
_aInvestment projects' evaluation
_zeng
606 1 _aИнвестиционные проекты
_jУчебные издания для высших учебных заведений
_xОценка
_92073971
_3RU\NLR\auth\661248931
686 _aУ9(2)0-56-07я73-1
_2rubbk
686 _aУ053.9(2)0-56я73-1
_2rubbk
686 _aУ5-56-07я73
700 1 _4070
_8rus
_7ca
_aКовалева
_bМ. В.
_cканд. экон. наук
_gМарина Владимировна
_3RU\NLR\auth\7782909
_965837
701 1 _4070
_8rus
_7ca
_aПарини
_bП.
_gПаоло
_3RU\NLR\auth\7782914
_965842
790 1 _4070
_8rus
_7ba
_aKovaleva
_bM. V.
_cканд. экон. наук
_gMarina Vladimirovna
_3RU\NLR\auth\7782910
_965838
790 1 _4070
_8eng
_7ba
_aParini
_bP.
_gPaolo
_3RU\NLR\auth\7782915
_965843
801 0 _aRU
_bРКП
_c20090731
_grcr
801 1 _aRU
_bРГБ
_c20090731
801 2 _aRU
_bNLR
_c20091015
_grcr
942 _cBOOK
980 _aNB